00842nab a2200241uuc4500001000800000005001700008008004100025035001200066035002100078040001300099041000800112100003400120245011400154260001000268650001700278650002900295650001900324700003400343700003000377700003600407700003200443773012500475100654620240817091702.0061124s2004 spa  a1006546 a(OCoLC)820135948 ccomduadb aspa10aCeballos, Alejandro4auteaut10aConcentracion de calcio, fosforo y magnesio en ganado de lidia a pastoreo en la cordillera central colombiana c2004. 7aBovinos2dcs 7aNutrición animal2lemb aMacrominerales10aVilla A., Nestor A.4auteaut10aSilva, David A.4auteaut10aVelásquez, Jorge A.4auteaut10aGutierrez, Miguel4auteaut0 tRevista Veterinaria y Zootecnia de Caldas (Manizales)gVol. 13, No. 01, Ene.-Jun. 2004, 18-26w354124x0120-41140109597